|
|
|
|
| LEADER |
00000nab#a22000007a#4500 |
| 001 |
arbauad001217 |
| 003 |
AR-BaUAD |
| 005 |
20250711110429.0 |
| 008 |
930706|||||||||###||||||b###|0###a|spa|| |
| 040 |
|
|
|a AR-BaUAD
|c AR-BaUAD
|b spa
|
| 100 |
|
|
|a Snyder, Jerome
|
| 245 |
|
|
|a Burns & Cooper /
|c Jerome Snyder;
|
| 300 |
0 |
|
|b il., fot.
|
| 653 |
|
|
|a BURNS-COOPER
|
| 653 |
|
|
|a ESTUDIOS DE DISEÑO
|
| 653 |
|
|
|a BURNS, ROBERT
|
| 653 |
|
|
|a DISEÑADORES GRAFICOS
|
| 653 |
|
|
|a COOPER, HEATHER
|
| 653 |
|
|
|a ILUSTRADORES
|
| 653 |
|
|
|a ILUSTRACIONES
|
| 653 |
|
|
|a PAGINAS
|
| 653 |
|
|
|a CANADA
|
| 653 |
|
|
|a DISEÑO GRAFICO
|
| 773 |
0 |
|
|t GRAPHIS
|g no. 182 [1975-1976], p. 556-563
|
| 942 |
|
|
|c ARTI
|
| 952 |
|
|
|0 0
|1 0
|4 0
|7 0
|9 46137
|a AR-BAuAD
|b AR-BAuAD
|d 2025-07-11
|l 0
|p AAQA001217
|r 2025-07-11 11:04:29
|w 2025-07-11
|y ARTI
|
| 990 |
|
|
|a DG197
|b TD
|
| 998 |
|
|
|a AAQ
|b BIBUN76
|
| 999 |
|
|
|c 25810
|d 25810
|